[Event "DEM U12/U12w 2015"]
[Site "Willingen GER"]
[Date "2015.05.27"]
[Round "6"]
[White "Post, Hugo"]
[Black "Meric, Geoffrey"]
[Result "1-0"]
[Termination "normal"]
[Board "9"]
[WhiteElo "1774"]
[BlackElo "1476"]
[PlyCount "125"]
[WhiteFideId "12962490"]
[BlackFideId "26092891"]
[EventCountry "GER"]
[EventRounds "11"]
[EventType "swiss"]
[EventDate "2015.05.23"]

1. e4 c5 2. Nf3 Nc6 3. d4 cxd4 4. Nxd4 e5 5. Nb5 d6 6. N1c3 a6 7. Na3 Be7 8.
Nc4 b5 9. Ne3 Nf6 10. Bd3 O-O 11. O-O Be6 12. a4 b4 13. Ncd5 Qa5 14. Nc4 Qd8
15. h3 Bxd5 16. exd5 Na5 17. Ne3 e4 18. Be2 Nd7 19. f3 exf3 20. Bxf3 Qb6 21.
Kh1 Ne5 22. Nf5 Bf6 23. Be4 Nac4 24. Qe1 Ng6 25. Qg3 Nce5 26. Bg5 Bxg5 27. Qxg5
Qd8 28. Qg3 f6 29. h4 Qd7 30. h5 Rad8 31. hxg6 Nxg6 32. Nh4 Nxh4 33. Qxh4 h6
34. Bf5 Qb7 35. Be6+ Kh8 36. Rf3 Rde8 37. Raf1 a5 38. Kh2 Qc7 39. R3f2 Qd8 40.
Qh3 Qc7 41. b3 Qc5 42. Rxf6 Rxf6 43. Rxf6 Qxc2 44. Qf5 Qxf5 45. Rxf5 Re7 46.
Rf7 Rxf7 47. Bxf7 g5 48. Kg3 Kg7 49. Be8 Kf6 50. Kg4 Ke5 51. Bf7 Kd4 52. Kf5
Kc3 53. Ke6 Kxb3 54. Kxd6 Kxa4 55. Kc5 b3 56. d6 b2 57. Bg6 Kb3 58. d7 a4 59.
d8=Q a3 60. Bb1 a2 61. Qd3+ Ka4 62. Bc2+ Ka5 63. Qb5# 1-0

[Event "DEM U12/U12w 2015"]
[Site "Willingen GER"]
[Date "2015.05.27"]
[Round "6"]
[White "Helmer, Jan"]
[Black "Breitzmann, Sander"]
[Result "1-0"]
[Termination "normal"]
[Board "10"]
[WhiteElo "1691"]
[BlackElo "1415"]
[PlyCount "129"]
[WhiteFideId "12956686"]
[BlackFideId "12987085"]
[EventCountry "GER"]
[EventRounds "11"]
[EventType "swiss"]
[EventDate "2015.05.23"]

1. d4 d5 2. Nf3 Nf6 3. c4 c6 4. Nc3 e6 5. cxd5 cxd5 6. Bf4 Nc6 7. e3 Nh5 8. Bg5
Be7 9. Bxe7 Qxe7 10. a3 O-O 11. Bd3 Bd7 12. O-O f5 13. Ne5 Nf6 14. Rc1 Ne4 15.
f3 Nxe5 16. dxe5 Nc5 17. Be2 Qg5 18. Nxd5 exd5 19. Qxd5+ Ne6 20. Qxd7 Qxe3+ 21.
Kh1 Nf4 22. Bc4+ Kh8 23. Rce1 Qc5 24. Qb5 Rac8 25. Qxc5 Rxc5 26. Bb3 Nd3 27.
Re3 Nxe5 28. Rfe1 Ng6 29. Re8 Rc8 30. Rxc8 Rxc8 31. Be6 Re8 32. Rc1 Ne7 33. Rc7
Nd5 34. Rc8 Rxc8 35. Bxc8 Ne3 36. Bxb7 Nc4 37. Kg1 Nxb2 38. Kf2 Nc4 39. a4 Nb6
40. Bc6 Kg8 41. Ke3 Kf7 42. Kd4 Ke6 43. a5 Nc8 44. Kc5 g5 45. Bd5+ Ke5 46. g3
Ne7 47. Bc4 h6 48. Kb5 Kd4 49. Be6 Ke5 50. Bb3 Kd4 51. Ka6 Nc6 52. Ba4 Kc5 53.
Bxc6 Kxc6 54. Kxa7 Kc7 55. Ka6 Kc6 56. g4 f4 57. h3 Kc7 58. Kb5 Kb7 59. a6+ Ka7
60. Ka5 Ka8 61. Kb6 Kb8 62. a7+ Ka8 63. Ka6 h5 64. gxh5 g4 65. h6 1-0

[Event "DEM U12/U12w 2015"]
[Site "Willingen GER"]
[Date "2015.05.27"]
[Round "6"]
[White "Suvorov, Luca"]
[Black "Bosselmann, Tom Linus"]
[Result "1-0"]
[Termination "normal"]
[Board "11"]
[WhiteElo "1832"]
[BlackElo "1720"]
[PlyCount "71"]
[WhiteFideId "12977071"]
[BlackFideId "12983845"]
[EventCountry "GER"]
[EventRounds "11"]
[EventType "swiss"]
[EventDate "2015.05.23"]

1. Nf3 Nf6 2. c4 d5 3. d4 c6 4. e3 Bf5 5. Nc3 e6 6. Nh4 Bg4 7. Qb3 Qb6 8. c5
Qxb3 9. axb3 Nbd7 10. b4 Be7 11. h3 Bh5 12. g4 Bg6 13. Nxg6 hxg6 14. Bg2 O-O
15. b5 Rfe8 16. bxc6 bxc6 17. Ra6 Nb8 18. Ra4 Nbd7 19. Ra6 Nb8 20. Ra4 Nbd7 21.
b4 e5 22. O-O e4 23. b5 cxb5 24. Nxb5 Rab8 25. Nxa7 Ra8 26. Ra5 Nb8 27. Ra3
Nfd7 28. Nb5 Rxa3 29. Bxa3 Rc8 30. Nc3 f5 31. Nxd5 Bd8 32. Rb1 Nf6 33. Nxf6+
Bxf6 34. Bf1 Nc6 35. Bc4+ Kh7 36. gxf5 1-0

[Event "DEM U12/U12w 2015"]
[Site "Willingen GER"]
[Date "2015.05.27"]
[Round "6"]
[White "Nguyen, Alex Dac-Vuong"]
[Black "Sulayev, Daniel"]
[Result "1/2-1/2"]
[Termination "normal"]
[Board "12"]
[WhiteElo "1885"]
[BlackElo "1709"]
[PlyCount "60"]
[WhiteFideId "12984388"]
[BlackFideId "12977675"]
[EventCountry "GER"]
[EventRounds "11"]
[EventType "swiss"]
[EventDate "2015.05.23"]

1. e4 d6 2. d4 Nf6 3. Nc3 g6 4. Nf3 Bg7 5. Be2 O-O 6. Bg5 h6 7. Bh4 Nbd7 8. Qd2
Kh7 9. Bd3 e5 10. Ne2 c6 11. O-O-O Qc7 12. Bg3 a5 13. dxe5 dxe5 14. Nh4 Nh5 15.
f4 exf4 16. Bf2 Ne5 17. g3 f3 18. Nd4 Bh3 19. Rhg1 Ng4 20. Ndxf3 Nxf2 21. Qxf2
Bg4 22. Rde1 Rfe8 23. e5 Be6 24. Kb1 c5 25. Nxg6 fxg6 26. Nh4 Bf7 27. e6 Rxe6
28. Rxe6 Bxe6 29. Nxg6 Qb6 30. c4 Kg8 1/2-1/2

[Event "DEM U12/U12w 2015"]
[Site "Willingen GER"]
[Date "2015.05.27"]
[Round "6"]
[White "Englert, Jon"]
[Black "Asadzade, Idris"]
[Result "1-0"]
[Termination "normal"]
[Board "13"]
[WhiteElo "1682"]
[BlackElo "1746"]
[PlyCount "67"]
[WhiteFideId "12992275"]
[BlackFideId "12997285"]
[EventCountry "GER"]
[EventRounds "11"]
[EventType "swiss"]
[EventDate "2015.05.23"]

1. e4 e6 2. d3 d5 3. Nd2 c5 4. Ngf3 Nc6 5. g3 Bd6 6. Bg2 Nge7 7. O-O O-O 8. Nh4
d4 9. f4 b5 10. a4 Ba6 11. f5 e5 12. Qg4 Qd7 13. Ndf3 Ng6 14. Bh3 Nxh4 15. Nxh4
f6 16. axb5 Bxb5 17. Bd2 Nb4 18. Rfc1 c4 19. dxc4 Bxc4 20. Bf1 Bxf1 21. Kxf1
Qb5+ 22. Qe2 Qxe2+ 23. Kxe2 Rfc8 24. Bxb4 Bxb4 25. Nf3 Rc7 26. Ra4 Rb8 27. Kd3
Bc5 28. Rb1 Rcb7 29. Rc4 Be7 30. b3 Bb4 31. Ra1 a5 32. g4 Kf7 33. g5 Ra8 34. h4
1-0

[Event "DEM U12/U12w 2015"]
[Site "Willingen GER"]
[Date "2015.05.27"]
[Round "6"]
[White "Röhr, Tobias"]
[Black "Bethke, Robert"]
[Result "1-0"]
[Termination "normal"]
[Board "14"]
[WhiteElo "1742"]
[BlackElo "1548"]
[PlyCount "151"]
[WhiteFideId "12963089"]
[BlackFideId "12959251"]
[EventCountry "GER"]
[EventRounds "11"]
[EventType "swiss"]
[EventDate "2015.05.23"]

1. d4 d5 2. c4 e6 3. cxd5 exd5 4. Nc3 Nf6 5. Bg5 Be7 6. e3 O-O 7. Qc2 h6 8. Bh4
Be6 9. Nf3 Nbd7 10. Bd3 c6 11. O-O Re8 12. Rae1 Nf8 13. Ne5 N6h7 14. Bxe7 Qxe7
15. f4 Nf6 16. f5 Bc8 17. e4 N8d7 18. exd5 cxd5 19. Bb5 Qb4 20. Qd2 a6 21. a3
Qd6 22. Bxd7 Bxd7 23. Re3 Re7 24. g4 Rae8 25. Rg3 Ne4 26. Nxe4 dxe4 27. Qe3 f6
28. Ng6 Rf7 29. Kg2 Rc8 30. Rf2 Bc6 31. Kh3 Rd8 32. Rd2 Qd5 33. Nf4 Qd7 34. Kh4
Bd5 35. Rh3 b5 36. Kg3 Qc7 37. Kf2 Qd6 38. Rd1 Rc8 39. Rd2 Rfc7 40. Ng6 Rf7 41.
Re2 Rfc7 42. b3 Qxa3 43. Nf4 Qd6 44. Nxd5 Qxd5 45. Qxe4 Rd7 46. Qxd5+ Rxd5 47.
Rd3 Rcd8 48. Ke3 h5 49. h3 hxg4 50. hxg4 Re8+ 51. Kd2 Rxe2+ 52. Kxe2 Kf7 53. b4
g6 54. fxg6+ Kxg6 55. Ke3 f5 56. Kf4 fxg4 57. Kxg4 Kf6 58. Kf4 Ke6 59. Ke4 Rh5
60. Rf3 Rh4+ 61. Rf4 Rxf4+ 62. Kxf4 Kd5 63. Ke3 Kc4 64. Ke4 Kxb4 65. d5 a5 66.
d6 a4 67. d7 a3 68. d8=Q a2 69. Qd4+ Kb3 70. Qa1 b4 71. Kd3 Ka3 72. Kc2 b3+ 73.
Kc3 Ka4 74. Kb2 Kb4 75. Qe1+ Kc4 76. Qc3+ 1-0

[Event "DEM U12/U12w 2015"]
[Site "Willingen GER"]
[Date "2015.05.27"]
[Round "6"]
[White "Bui, Ngoc Han Julia"]
[Black "Huber, Benedikt"]
[Result "0-1"]
[Termination "normal"]
[Board "15"]
[WhiteElo "1596"]
[BlackElo "1729"]
[PlyCount "188"]
[WhiteFideId "12977055"]
[BlackFideId "12923583"]
[EventCountry "GER"]
[EventRounds "11"]
[EventType "swiss"]
[EventDate "2015.05.23"]

1. e4 e6 2. d4 d5 3. Nd2 Nc6 4. Ngf3 Nf6 5. e5 Nd7 6. Be2 f6 7. exf6 Qxf6 8.
Nf1 Bd6 9. Ne3 O-O 10. O-O Nb6 11. Re1 Bd7 12. c4 dxc4 13. Nxc4 Nd5 14. Bg5 Qf7
15. Nxd6 cxd6 16. Qd2 Rac8 17. Rac1 h6 18. Bh4 g5 19. Bg3 Nf4 20. Bd1 Ne7 21.
Rxc8 Nxc8 22. Qe3 Ne7 23. Qa3 Nf5 24. Bxf4 gxf4 25. Bc2 Bc6 26. Be4 Rd8 27.
Qxa7 Bxe4 28. Rxe4 Rc8 29. Qa5 Rc1+ 30. Re1 Rxe1+ 31. Qxe1 Qg6 32. h3 Qf7 33.
Qd2 Ng7 34. Qc2 Ne8 35. b4 Kg7 36. a4 Qc7 37. Qb2 Nf6 38. Qb3 Qd7 39. b5 b6 40.
Qb4 Qc7 41. Nd2 Nd5 42. Qc4 Qa7 43. Ne4 Qa5 44. Nxd6 Qe1+ 45. Kh2 Qxf2 46. Ne4
Qe3 47. Nd6 Qg3+ 48. Kg1 f3 49. Qf1 Qxd6 50. Qxf3 Qf4 51. Qh5 Qxd4+ 52. Kh2
Qf4+ 53. Kg1 Qg5 54. Qe8 Qe7 55. Qb8 Qc7 56. Qe8 Qc1+ 57. Kh2 Qf4+ 58. Kg1 Qxa4
59. Qxe6 Qxb5 60. Qe5+ Kf8 61. Qh8+ Ke7 62. Qxh6 Qc5+ 63. Kh1 Qd6 64. Qg7+ Ke8
65. Qg8+ Kd7 66. Qf7+ Ne7 67. Qh5 Qe6 68. h4 Nf5 69. Qd1+ Ke7 70. Qd3 Qe1+ 71.
Kh2 Qxh4+ 72. Kg1 Qd4+ 73. Qxd4 Nxd4 74. Kf2 Kd6 75. Ke3 Ke5 76. g4 Ne6 77. Kd3
Kf4 78. Kc4 Nc7 79. Kb4 Kxg4 80. Kc4 Kf4 81. Kb4 Ke4 82. Kc4 b5+ 83. Kb4 Kd4
84. Kb3 Kc5 85. Kc3 b4+ 86. Kb3 Kb5 87. Kb2 Ka4 88. Ka2 b3+ 89. Kb2 Ne6 90. Kb1
Ka3 91. Ka1 b2+ 92. Kb1 Nc7 93. Kc2 Ka2 94. Kc3 b1=Q 0-1

[Event "DEM U12/U12w 2015"]
[Site "Willingen GER"]
[Date "2015.05.27"]
[Round "6"]
[White "Schille, Hannes"]
[Black "Biermann, Florian"]
[Result "1/2-1/2"]
[Termination "normal"]
[Board "16"]
[WhiteElo "1489"]
[BlackElo "1709"]
[PlyCount "111"]
[WhiteFideId "16206053"]
[BlackFideId "12970069"]
[EventCountry "GER"]
[EventRounds "11"]
[EventType "swiss"]
[EventDate "2015.05.23"]

1. d4 Nf6 2. c4 g6 3. Nc3 Bg7 4. e4 d6 5. Be2 O-O 6. Nf3 e5 7. d5 a5 8. O-O Na6
9. Be3 h6 10. h3 Bd7 11. Qd2 Kh7 12. Rac1 Ng8 13. Ne1 f5 14. exf5 gxf5 15. f3
Ne7 16. a3 f4 17. Bf2 Rg8 18. Bh4 Bf8 19. Ne4 Bg7 20. Qc2 Bf5 21. Bd3 Kh8 22.
Nxd6 cxd6 23. Bxf5 Qb6+ 24. Bf2 Nc5 25. Be6 Rgf8 26. Nd3 Qc7 27. Nxc5 dxc5 28.
Rcd1 Nc8 29. Bxc8 Raxc8 30. d6 Qd7 31. Rd2 Rf6 32. Rfd1 Rc6 33. Qa4 b6 34. Bh4
Rg6 35. Be7 Bf6 36. Bxf6+ Rxf6 37. Rd5 Rg6 38. Kh2 Re6 39. R1d2 Kg7 40. Qd1 Kg8
41. Kh1 Kf8 42. R2d3 Kf7 43. Kg1 Ke8 44. Qa4 h5 45. Qd1 Kf7 46. Qd2 Kg6 47. Qc2
Kh6 48. Qd2 Kg6 49. Qc2 Kg7 50. Qd1 Kf7 51. Qd2 Kf6 52. Kh1 Kg7 53. Qd1 Kh6 54.
Qd2 Kg7 55. Qd1 Kh6 56. Qd2 1/2-1/2

[Event "DEM U12/U12w 2015"]
[Site "Willingen GER"]
[Date "2015.05.27"]
[Round "6"]
[White "Rietschel, Tilo"]
[Black "Dietz, Florian"]
[Result "0-1"]
[Termination "normal"]
[Board "17"]
[WhiteElo "1549"]
[BlackElo "1844"]
[PlyCount "62"]
[WhiteFideId "16208390"]
[BlackFideId "12939897"]
[EventCountry "GER"]
[EventRounds "11"]
[EventType "swiss"]
[EventDate "2015.05.23"]

1. d4 Nf6 2. c4 e5 3. d5 Bc5 4. Nc3 O-O 5. Bg5 Bxf2+ 6. Kxf2 Ng4+ 7. Ke1 Qxg5
8. e4 d6 9. Nf3 Qg6 10. Bd3 Na6 11. Qe2 Nc5 12. Bc2 a5 13. Rg1 Nf6 14. Qe3 c6
15. Nxe5 Qh5 16. Nf3 cxd5 17. cxd5 Re8 18. Kd1 Nxd5 19. Nxd5 Qxd5+ 20. exd5
Rxe3 21. Kd2 Re8 22. Rge1 Bg4 23. Nd4 Re5 24. Rxe5 dxe5 25. Nb3 Nd7 26. Ke3 Nb6
27. Nc5 Rc8 28. Rc1 Nxd5+ 29. Kf2 Nb4 30. Be4 f5 31. Bxb7 Rxc5 0-1

[Event "DEM U12/U12w 2015"]
[Site "Willingen GER"]
[Date "2015.05.27"]
[Round "6"]
[White "Hassemeier, Mika"]
[Black "Roho, Kevin"]
[Result "1/2-1/2"]
[Termination "normal"]
[Board "18"]
[WhiteElo "1658"]
[BlackElo "1825"]
[PlyCount "41"]
[WhiteFideId "12994880"]
[BlackFideId "12973734"]
[EventCountry "GER"]
[EventRounds "11"]
[EventType "swiss"]
[EventDate "2015.05.23"]

1. e4 e6 2. d4 d5 3. exd5 exd5 4. Bd3 Bd6 5. Ne2 Nf6 6. O-O O-O 7. Bf4 c6 8. c3
Bxf4 9. Nxf4 Qd6 10. Ne2 Be6 11. Nd2 Nbd7 12. Ng3 Rfe8 13. Re1 Nf8 14. Nf3 Bg4
15. Be2 Bxf3 16. Bxf3 Qd7 17. Qd3 Rxe1+ 18. Rxe1 Re8 19. Rxe8 Qxe8 20. Qe3 Qxe3
21. fxe3 1/2-1/2

[Event "DEM U12/U12w 2015"]
[Site "Willingen GER"]
[Date "2015.05.27"]
[Round "6"]
[White "Berelowitsch, Dana"]
[Black "Biermann, Lenhard"]
[Result "0-1"]
[Termination "normal"]
[Board "19"]
[WhiteElo "1408"]
[BlackElo "1622"]
[PlyCount "62"]
[WhiteFideId "12977144"]
[BlackFideId "12970077"]
[EventCountry "GER"]
[EventRounds "11"]
[EventType "swiss"]
[EventDate "2015.05.23"]

1. e4 e6 2. d4 d5 3. exd5 exd5 4. Nf3 Bg4 5. h3 Bf5 6. Qe2+ Qe7 7. Be3 Nf6 8.
Nc3 Nc6 9. O-O-O O-O-O 10. g4 Be6 11. Bg2 g6 12. Rhe1 Bg7 13. Ne5 Qe8 14. f4
Bf8 15. a3 a6 16. Qf2 Ne7 17. Qh4 Bg7 18. Qf2 Nd7 19. Qe2 Nb6 20. Bf1 Nc6 21.
Qf3 Na5 22. Bg1 Bxe5 23. fxe5 Nac4 24. Bxc4 Nxc4 25. a4 Qf8 26. Na2 h5 27. gxh5
Rxh5 28. h4 Rxh4 29. Qf6 Rh3 30. Re2 Ra3 31. bxa3 Qxa3+ 0-1

[Event "DEM U12/U12w 2015"]
[Site "Willingen GER"]
[Date "2015.05.27"]
[Round "6"]
[White "Merk, Daniel"]
[Black "Knüdel, Torben"]
[Result "1/2-1/2"]
[Termination "normal"]
[Board "20"]
[WhiteElo "1799"]
[BlackElo "1553"]
[PlyCount "70"]
[WhiteFideId "12938386"]
[BlackFideId "16208820"]
[EventCountry "GER"]
[EventRounds "11"]
[EventType "swiss"]
[EventDate "2015.05.23"]

1. d4 g6 2. c4 Bg7 3. Nc3 c5 4. d5 d6 5. e4 Nd7 6. f3 Ngf6 7. Be3 O-O 8. Nge2
Rb8 9. Nc1 Ne5 10. Be2 b6 11. Qd2 Bb7 12. Nd3 Nxc4 13. Qc1 Nxe3 14. Qxe3 Nd7
15. Qd2 Ne5 16. Nxe5 Bxe5 17. O-O Kh8 18. Rac1 e6 19. Bc4 Qe7 20. Rfd1 Rbd8 21.
b3 Qf6 22. Ne2 Qe7 23. Rc2 a6 24. a4 Qe8 25. Qd3 a5 26. Rcd2 exd5 27. exd5 f5
28. f4 Bg7 29. Nc3 Qf7 30. Re2 Rfe8 31. Rde1 Rxe2 32. Rxe2 Qf6 33. Nb5 Kg8 34.
Re6 Qb2 35. Qe3 Bd4 1/2-1/2

[Event "DEM U12/U12w 2015"]
[Site "Willingen GER"]
[Date "2015.05.27"]
[Round "6"]
[White "Wastian, Mareike"]
[Black "Henning, Marvin"]
[Result "1/2-1/2"]
[Termination "normal"]
[Board "21"]
[WhiteElo "1573"]
[BlackElo "1791"]
[PlyCount "61"]
[WhiteFideId "12947423"]
[BlackFideId "12957399"]
[EventCountry "GER"]
[EventRounds "11"]
[EventType "swiss"]
[EventDate "2015.05.23"]

1. e4 c5 2. Nf3 Nc6 3. d4 cxd4 4. c3 dxc3 5. Nxc3 g6 6. Bc4 Bg7 7. e5 Qa5 8.
O-O Nxe5 9. Nxe5 Qxe5 10. Re1 Qc5 11. Qb3 e6 12. Be3 Qc7 13. Nd5 Qd8 14. Rad1
Nf6 15. Nxf6+ Bxf6 16. Bh6 Qe7 17. Kh1 g5 18. Bd5 Rg8 19. f4 g4 20. Bxb7 Rb8
21. Qc2 Bxb7 22. f5 e5 23. Qc7 Bxg2+ 24. Kxg2 Rxb2+ 25. Kg1 Rb5 26. Rd6 Qd8 27.
Qxa7 Be7 28. Qa6 Qb8 29. Rdd1 Rb6 30. Qc4 Rc6 31. Qd5 1/2-1/2

[Event "DEM U12/U12w 2015"]
[Site "Willingen GER"]
[Date "2015.05.27"]
[Round "6"]
[White "Hinrichs, Paul"]
[Black "Müdder, Melanie"]
[Result "1-0"]
[Termination "normal"]
[Board "22"]
[WhiteElo "1641"]
[BlackElo "1511"]
[PlyCount "81"]
[WhiteFideId "12942545"]
[BlackFideId "12994103"]
[EventCountry "GER"]
[EventRounds "11"]
[EventType "swiss"]
[EventDate "2015.05.23"]

1. d4 Nf6 2. c4 c5 3. d5 b5 4. cxb5 a6 5. b6 g6 6. Nc3 Bg7 7. e4 d6 8. a4 Qxb6
9. h3 O-O 10. Nf3 Nbd7 11. Bc4 Qb4 12. Qb3 Qxb3 13. Bxb3 Rb8 14. Bc2 Nb6 15.
Bd3 a5 16. O-O Bd7 17. Re1 Rfc8 18. Bb5 Rc7 19. Bf4 Nh5 20. Bh2 Rcc8 21. e5
dxe5 22. Nxe5 Bxe5 23. Bxe5 Ra8 24. g4 Nf6 25. Bxf6 exf6 26. Re7 Bxb5 27. axb5
Nc4 28. b3 Nd6 29. Rd7 Ne8 30. b6 Rcb8 31. Na4 Kf8 32. b7 Ra7 33. Nxc5 Ng7 34.
Ra4 f5 35. b4 Re8 36. Rxa5 Rxa5 37. bxa5 fxg4 38. hxg4 h5 39. a6 hxg4 40. a7
Nh5 41. b8=Q 1-0

[Event "DEM U12/U12w 2015"]
[Site "Willingen GER"]
[Date "2015.05.27"]
[Round "6"]
[White "Kühne, Maria"]
[Black "Gheng, Dominik"]
[Result "1/2-1/2"]
[Termination "normal"]
[Board "23"]
[WhiteElo "1401"]
[BlackElo "1771"]
[PlyCount "68"]
[WhiteFideId "12997412"]
[BlackFideId "12906778"]
[EventCountry "GER"]
[EventRounds "11"]
[EventType "swiss"]
[EventDate "2015.05.23"]

1. e4 e5 2. Bc4 Nf6 3. d3 Nc6 4. Nc3 d6 5. h3 Be7 6. f4 Nd7 7. Be3 Bh4+ 8. Kd2
exf4 9. Bxf4 Bg5 10. Bxf7+ Kf8 11. Qf1 Qf6 12. Bxg5 Qxg5+ 13. Kd1 Nde5 14. Bd5+
Ke7 15. Bxc6 bxc6 16. Nf3 Nxf3 17. gxf3 Rf8 18. Ke2 d5 19. Qf2 dxe4 20. Nxe4
Qe5 21. Qc5+ Qxc5 22. Nxc5 Rf5 23. Ne4 Be6 24. Rhg1 g6 25. Ke3 Rh5 26. Rh1 Bxh3
27. Nf2 Bf5 28. Rxh5 gxh5 29. Rh1 Bg6 30. Nh3 Rb8 31. b3 Rb5 32. f4 h6 33. Nf2
Rc5 34. c4 a5 1/2-1/2

[Event "DEM U12/U12w 2015"]
[Site "Willingen GER"]
[Date "2015.05.27"]
[Round "6"]
[White "Kurzweil, Naemi"]
[Black "Paeslack, Luis"]
[Result "0-1"]
[Termination "normal"]
[Board "24"]
[WhiteElo "1232"]
[BlackElo "1775"]
[PlyCount "56"]
[WhiteFideId "12985708"]
[BlackFideId "12987760"]
[EventCountry "GER"]
[EventRounds "11"]
[EventType "swiss"]
[EventDate "2015.05.23"]

1. e4 c5 2. Nf3 Nc6 3. d4 cxd4 4. Nxd4 g6 5. Nc3 Bg7 6. Be3 Nf6 7. f3 O-O 8.
Bc4 Qb6 9. Bb3 Nxe4 10. Nd5 Qa5+ 11. c3 Bxd4 12. Bxd4 Nc5 13. O-O Ne6 14. Qd3
Nexd4 15. cxd4 d6 16. Qe2 Be6 17. Rac1 Bxd5 18. Rfd1 Bxb3 19. axb3 Qd5 20. Qe3
Rac8 21. h3 e6 22. Rc3 Ne7 23. Rdc1 Rxc3 24. Rxc3 Nf5 25. Qf4 Nxd4 26. Rd3 Ne2+
27. Kh2 Nxf4 28. Rxd5 Nxd5 0-1

[Event "DEM U12/U12w 2015"]
[Site "Willingen GER"]
[Date "2015.05.27"]
[Round "6"]
[White "Köllner, Ruben Gideon"]
[Black "Popist, Florian"]
[Result "1-0"]
[Termination "normal"]
[Board "25"]
[WhiteElo "1649"]
[BlackElo "1422"]
[PlyCount "83"]
[WhiteFideId "12993093"]
[BlackFideId "16203518"]
[EventCountry "GER"]
[EventRounds "11"]
[EventType "swiss"]
[EventDate "2015.05.23"]

1. d4 d5 2. Nf3 e6 3. e3 c5 4. c3 Nf6 5. Bd3 Be7 6. O-O O-O 7. Nbd2 Nc6 8. dxc5
Bxc5 9. e4 e5 10. Qe2 d4 11. Nb3 Bb6 12. cxd4 Nxd4 13. Nbxd4 Bxd4 14. Nxd4 Qxd4
15. Be3 Qb4 16. Qc2 Be6 17. Bc5 Qa5 18. Bxf8 Kxf8 19. Rfd1 Rc8 20. Qd2 Qxd2 21.
Rxd2 Rd8 22. Rad1 Bxa2 23. Bc2 Rxd2 24. Rxd2 Bc4 25. Rd8+ Ke7 26. Rc8 Ba6 27.
Rc7+ Ke8 28. f3 Kf8 29. Bb3 Ke8 30. Rxf7 Nh5 31. Rf5 Nf4 32. Rxe5+ Kd7 33. Bc2
Ne2+ 34. Kf2 Nc1 35. Rd5+ Ke7 36. f4 Ne2 37. g3 Bc4 38. Rd2 Nc1 39. Rd1 Na2 40.
Rd4 Bb5 41. Ba4 a6 42. Bxb5 1-0

[Event "DEM U12/U12w 2015"]
[Site "Willingen GER"]
[Date "2015.05.27"]
[Round "6"]
[White "Glinzner, Alva"]
[Black "Rudolph, Eva"]
[Result "0-1"]
[Termination "normal"]
[Board "26"]
[WhiteElo "1257"]
[BlackElo "1573"]
[PlyCount "78"]
[WhiteFideId "16206169"]
[BlackFideId "16200594"]
[EventCountry "GER"]
[EventRounds "11"]
[EventType "swiss"]
[EventDate "2015.05.23"]

1. e4 e5 2. Nf3 d6 3. d4 exd4 4. Nxd4 Nf6 5. Nc3 Be7 6. Bf4 O-O 7. Bd3 Re8 8.
O-O Nbd7 9. Re1 Nc5 10. Bc4 Bf8 11. Bd3 Bg4 12. f3 Nxd3 13. cxd3 Bh5 14. Qd2 h6
15. Rac1 c6 16. Nde2 d5 17. e5 Nd7 18. d4 Bg6 19. a3 Qb6 20. Kh1 Qa5 21. Ra1
Qd8 22. b4 b5 23. Rac1 Nb6 24. Qa2 Nc4 25. Qb3 a5 26. Nd1 axb4 27. axb4 Ra3 28.
Qxa3 Nxa3 29. Rxc6 Bxb4 30. Ndc3 Re6 31. Rxe6 fxe6 32. Rc1 Qa5 33. Bd2 Nc4 34.
Be1 Bxc3 35. Bxc3 b4 36. Be1 Qb6 37. Nf4 Bf7 38. Rb1 b3 39. Bc3 g5 0-1

[Event "DEM U12/U12w 2015"]
[Site "Willingen GER"]
[Date "2015.05.27"]
[Round "6"]
[White "Grabbel, Lennart"]
[Black "Brunkardt, Elena"]
[Result "1-0"]
[Termination "normal"]
[Board "27"]
[WhiteElo "1584"]
[BlackElo "1474"]
[PlyCount "105"]
[WhiteFideId "16201620"]
[BlackFideId "16208838"]
[EventCountry "GER"]
[EventRounds "11"]
[EventType "swiss"]
[EventDate "2015.05.23"]

1. Nf3 d5 2. c4 e6 3. e3 Nf6 4. Nc3 Be7 5. b3 O-O 6. Bb2 b6 7. cxd5 exd5 8. Qc2
Bb7 9. Rc1 c5 10. d4 cxd4 11. Nxd4 Bb4 12. Bd3 Nbd7 13. O-O Bxc3 14. Bxc3 Rc8
15. Nb5 Ra8 16. Bb4 Rc8 17. Qb1 Nc5 18. Bf5 Ra8 19. Bxc5 bxc5 20. Rxc5 Qb6 21.
Rfc1 Ne4 22. Bxe4 dxe4 23. Nc7 Rad8 24. Rb5 Qd6 25. Rxb7 Rd7 26. Nb5 Qe6 27.
Rxd7 Qxd7 28. Nd4 f5 29. Qc2 f4 30. Qxe4 fxe3 31. Qxe3 Re8 32. Qc3 Qe7 33. Kf1
Qa3 34. Nf5 Qa6+ 35. Qc4+ Qxc4+ 36. bxc4 g6 37. Nd6 Re5 38. c5 Re7 39. c6 Rc7
40. Nb5 Rc8 41. c7 Kg7 42. Nxa7 Ra8 43. c8=Q Rxc8 44. Nxc8 h5 45. a4 h4 46. a5
h3 47. gxh3 g5 48. a6 g4 49. a7 gxh3 50. a8=Q Kh7 51. Rc6 Kh8 52. Ne7+ Kh7 53.
Qg8# 1-0

[Event "DEM U12/U12w 2015"]
[Site "Willingen GER"]
[Date "2015.05.27"]
[Round "6"]
[White "Goltser, Ilja"]
[Black "Wu, Luka"]
[Result "0-1"]
[Termination "normal"]
[Board "28"]
[WhiteElo "1164"]
[BlackElo "1580"]
[PlyCount "110"]
[WhiteFideId "14174782"]
[BlackFideId "12977420"]
[EventCountry "GER"]
[EventRounds "11"]
[EventType "swiss"]
[EventDate "2015.05.23"]

1. e4 e5 2. Nf3 Nc6 3. Bc4 Bc5 4. c3 Nf6 5. d3 d6 6. b4 Bb6 7. a4 a5 8. b5 Na7
9. Bg5 h6 10. Be3 Bxe3 11. fxe3 O-O 12. O-O Be6 13. Nbd2 Nc8 14. Qe1 Nb6 15.
Bb3 Qd7 16. Nh4 c6 17. Bxe6 fxe6 18. Ng6 Rfc8 19. c4 cxb5 20. axb5 Qf7 21. Qg3
Kh7 22. Nh4 Nbd7 23. Qh3 Qe8 24. Nhf3 Kg8 25. d4 exd4 26. exd4 e5 27. dxe5 Nxe5
28. Nxe5 Qxe5 29. Rxa5 Qd4+ 30. Rf2 Nxe4 31. Nxe4 Qxe4 32. Rxa8 Rxa8 33. Qc3
Rc8 34. Qb4 Rxc4 35. Qb3 d5 36. Qa3 Rb4 37. Qa2 Rb1+ 38. Rf1 Qe3+ 39. Qf2 Qxf2+
40. Kxf2 Rxf1+ 41. Kxf1 Kf7 42. Ke2 Ke6 43. Kd3 Ke5 44. Ke3 d4+ 45. Kd3 Kd5 46.
b6 Kc5 47. g4 g5 48. Kd2 Kxb6 49. Kd3 Kc5 50. h3 b5 51. Kc2 b4 52. Kb3 d3 53.
Kb2 Kc4 54. Kc1 b3 55. Kb2 d2 0-1

[Event "DEM U12/U12w 2015"]
[Site "Willingen GER"]
[Date "2015.05.27"]
[Round "6"]
[White "Brunner, Sophia"]
[Black "Schneider, Edward"]
[Result "1-0"]
[Termination "normal"]
[Board "29"]
[WhiteElo "1553"]
[BlackElo "1395"]
[PlyCount "73"]
[WhiteFideId "12960683"]
[BlackFideId "16200870"]
[EventCountry "GER"]
[EventRounds "11"]
[EventType "swiss"]
[EventDate "2015.05.23"]

1. e4 e5 2. Nf3 Nc6 3. d4 exd4 4. Nxd4 Bc5 5. Nb3 Bb6 6. Nc3 Nf6 7. Qe2 O-O 8.
Bg5 h6 9. Bh4 Re8 10. O-O-O d6 11. Nd5 g5 12. Bg3 Nxe4 13. Re1 Bf5 14. Qf3 Bg6
15. Bd3 f5 16. Bxe4 Rxe4 17. Rxe4 fxe4 18. Nf6+ Kf7 19. Nxe4+ Kg7 20. Qc3+ Kf7
21. Re1 Bxe4 22. Rxe4 Qf6 23. Qd2 Kg6 24. Qe3 Kg7 25. Qe2 Rf8 26. f3 Nd4 27.
Nxd4 Bxd4 28. c3 Bb6 29. h4 Kf7 30. hxg5 hxg5 31. f4 Kg7 32. fxg5 Qxg5+ 33. Kc2
Qg6 34. Kb3 Qf7+ 35. c4 Qf6 36. Rf4 Qh6 37. Qe7+ 1-0